<?xml version="1.0" encoding="UTF-8"?>
<record
    xmlns:xsi="http://www.w3.org/2001/XMLSchema-instance"
    xsi:schemaLocation="http://www.loc.gov/MARC21/slim http://www.loc.gov/standards/marcxml/schema/MARC21slim.xsd"
    xmlns="http://www.loc.gov/MARC21/slim">

  <leader>00748nam a2200229 a 4500</leader>
  <controlfield tag="001">4712</controlfield>
  <controlfield tag="003">CDMR</controlfield>
  <controlfield tag="005">20151026133602.0</controlfield>
  <controlfield tag="008">130130s2000||||sp |||||||||||||||||spa|d</controlfield>
  <datafield tag="020" ind1=" " ind2=" ">
    <subfield code="a">8432310409</subfield>
  </datafield>
  <datafield tag="040" ind1=" " ind2=" ">
    <subfield code="a">CDMR</subfield>
    <subfield code="b">cat</subfield>
    <subfield code="c">CDMR</subfield>
  </datafield>
  <datafield tag="100" ind1="1" ind2=" ">
    <subfield code="9">3250</subfield>
    <subfield code="a">Berners-Lee, Tim</subfield>
  </datafield>
  <datafield tag="245" ind1="1" ind2="0">
    <subfield code="a">Tejiendo la Red</subfield>
    <subfield code="b">: el inventor del World Wide Web nos descubre su origen</subfield>
    <subfield code="c">por Tim Berners-Lee, con Mark Fischetti ; prefacio de Michael Dertouzos ; pr&#xF3;logo de Javier Sol&#xE1;</subfield>
  </datafield>
  <datafield tag="260" ind1=" " ind2=" ">
    <subfield code="a">Madrid</subfield>
    <subfield code="b">Siglo XXI de Espa&#xF1;a</subfield>
    <subfield code="c">2000</subfield>
  </datafield>
  <datafield tag="300" ind1=" " ind2=" ">
    <subfield code="a">237 p.</subfield>
  </datafield>
  <datafield tag="490" ind1="0" ind2=" ">
    <subfield code="a">El hombre y sus obras</subfield>
  </datafield>
  <datafield tag="650" ind1="0" ind2="4">
    <subfield code="9">3364</subfield>
    <subfield code="a">Tecnologia de la informaci&#xF3;</subfield>
  </datafield>
  <datafield tag="650" ind1="0" ind2="4">
    <subfield code="9">4302</subfield>
    <subfield code="a">Internet</subfield>
    <subfield code="x">Hist&#xF2;ria</subfield>
  </datafield>
  <datafield tag="650" ind1="0" ind2="4">
    <subfield code="9">3251</subfield>
    <subfield code="a">Web</subfield>
  </datafield>
  <datafield tag="700" ind1="1" ind2=" ">
    <subfield code="9">3253</subfield>
    <subfield code="a">Sol&#xE1;, Javier</subfield>
  </datafield>
  <datafield tag="942" ind1=" " ind2=" ">
    <subfield code="c">MON</subfield>
    <subfield code="2">udc</subfield>
  </datafield>
  <datafield tag="999" ind1=" " ind2=" ">
    <subfield code="c">4712</subfield>
    <subfield code="d">4712</subfield>
  </datafield>
  <datafield tag="952" ind1=" " ind2=" ">
    <subfield code="0">0</subfield>
    <subfield code="1">0</subfield>
    <subfield code="4">0</subfield>
    <subfield code="7">0</subfield>
    <subfield code="a">CDMR</subfield>
    <subfield code="b">CDMR</subfield>
    <subfield code="d">2013-01-16</subfield>
    <subfield code="l">0</subfield>
    <subfield code="o">Cs /19</subfield>
    <subfield code="p">CDMR13046249</subfield>
    <subfield code="r">2013-04-24</subfield>
    <subfield code="w">2013-04-24</subfield>
    <subfield code="y">MON</subfield>
  </datafield>
</record>
